LEADER 01036nam 2200361 450 001 9910341456003321 005 20240902103158.0 010 $a978-88-15-28329-0 100 $a20191014d2019----u y0engy50 ba 101 0 $aita 102 $aIT 105 $ay 001yy 200 1 $aBig data$ecome stanno cambiando il nostro mondo$fMarco Delmastro, Antonio Nicita 210 $aBologna$cIl Mulino$d2019 215 $a147 p.$cill.$d22 cm 225 1 $aFarsi un'idea$v274 610 0 $aArchivi di dati$aAspetti economici ed etici 610 0 $aVita privata 676 $a323.448$v23$zita 676 $a005.74$v22$zita 700 1$aDelmastro,$bMarco$0122632 701 1$aNicita,$bAntonio$080530 801 0$aIT$bUNINA$gREICAT$2UNIMARC 901 $aBK 912 $a9910341456003321 952 $a323.448 DEL 1$b6576$fbfs 952 $aCOLLEZ. 1741 (274)$b2344/20169$fFSPBC 952 $aXVII 1372$b2019/848$fFGBC 959 $aFSPBC 959 $aBFS 959 $aFGBC 996 $aBig data$91563555 997 $aUNINA